000 01812nam a2200433 i 4500
003 EG-GICUC
005 20260121101649.0
008 260105s1930 fr c|||fr|||| 001 0 fre d
040 _aEG-GiCUC
_bfre
_cEG-GiCUC
_dEG-GiCUC
_eRda
041 _afre
082 0 4 _221
_a341.1
_bRE
092 0 4 _221
099 _aLaw1 11 341.1 RE 1930
245 0 0 _aRecueil Des Cours.
_n1929, Tome 27.
264 1 _aParis :
_bHachette,
_c1930.
300 _a625 pages :
_bportraits ;
_c24 cm.
336 _2rda contenu
_a texte
337 _2rda medias
_aOrdinateur
338 _2 transporteur rda
_a Ressource en ligne
490 0 _aAcadémie de droit international ;
_v1929, t 27.
500 _a1929 II
500 _aAt head of title: Académie de droit international.
504 _aIncludes bibliographical references and index.
505 _aContient les cours de l'Académie y compris :
_tLe régime des concessions étrangères en Chine /
_rpar Jean Escarra --
_tDe l'efficacité extraterritoriale des lois et des actes de droit public /
_rpar Prosper Fedozzi --
_tLa monnaie en droit international public /
_rpar Boris Nolde --
_tLa condition juridique de l'étranger, spécialement aux États-Unis /
_rpar Thomas H. Healy --
_tL'Acte Général de Genève /
_rpar Eugène Borel.
546 _aTexte en français
650 1 4 _ainternational law
_2qrmak
650 1 4 _aEmigration and immigration law
_2qrmak
650 1 4 _aNoncitizens
_2qrmak
651 1 _2qrmak
700 1 _aEscarra, Jean,
_eAuteur
700 1 _aFedozzi, Prospero,
_eAuteur
700 1 _aNolʹde, B. Ė.,
_eAuteur
700 1 _aHealy, Thomas H.,
_eAuteur
700 1 _aBorel, Eugène,
710 _aAcadémie De Droit International
856 4 0 _uhttps://fll.law.cu.edu.eg/fulltext/bks/B11-06768.pdf
905 _a75
942 _2ddc
_n0
_cBK
_e21
999 _c54645
_d54645